000
00212nam a22000857a 4500
008
161017b xxu||||| |||| 00| 0 eng d
100
_9
881
_a
NCERT
245
_a
Technology and Children
260
_a
New Delhi
_b
NCERT
_c
2004
999
_c
3532
_d
3532